000 00513nab a2200157Ia 4500
003 ES-SlBCS
005 20210601135701.0
008 140529s1995 xxu||||| |||| 00| 0 spa d
041 _aspa
100 1 _aSzódo, László
_9235304
245 0 0 _aDe profundis... La religión como apoyo de las minorías
_c László Szódo, Georgius Frater
650 0 4 _aMinorías-Apoyo de la Religión
_9235305
700 1 _aFrater, Georgius
_9235306
773 0 _tConcilium
_gnº. 262, 1995, págs. 1043-1054
_wRev134
942 _cAR
999 _c632235
_d632235